000 00624nam a2200241 a 4500
001 nice12345678
003 IN_TiNIC
005 20260116012103.0
008 050524s1937 lona grp 000 0 eng
020 _a
_c100
082 0 0 _a248.22
_bWEA
100 _aWeatherhead, Leslie D
245 _aTransforming Friendship
_b a Book About Jesus and Ourselves.
260 _aLondon
_bEpworth Press
_c1937
300 _a164p
500 _aincludes index and biblioraphy
505 2 _aQuestions
650 _aMysticism-Christianity
700 1 _aWeatherhead, Leslie D
902 _bSRS
942 _cBK
999 _c5581
_d5581